The phoenician cemetery of Tyre-Al Bass II : archaeological seasons 2002-2005 /

محفوظ في:

مؤلفون آخرون: Aubet, María Eugenia., Nuñez, Francisco J., 1965-, Trellisó, Laura.

التنسيق: كتاب

اللغة: English

منشور في: Beyrouth : Ministère de la Culture, Direction générale des antiquités, [2014].

سلاسل: Bulletin d'archéologie et d'architecture libannaise. Hors-Série ; 9.
BAAL. Hors-Série ; 9.

الموضوعات:

الوسوم: إضافة وسم

لا توجد وسوم, كن أول من يضع وسما على هذه التسجيلة!

رقم الطلب: DS89 .T8 P486 v.2/1-2

LEADER 01178namaa2200301 4500
003 OSt
005 20260216074805.0
008 130303s2014 le a b 000 0 eng d
040 |c ARCE Library 
043 |a a-le--- 
050 4 |a DS89 .T8 P486 v.2/1-2 
245 0 4 |a The phoenician cemetery of Tyre-Al Bass II :   |b archaeological seasons 2002-2005 /   |c María Eugenia Aubet, Francisco J. Núñez and Laura Trellisó. 
264 1 |a Beyrouth :  |b Ministère de la Culture, Direction générale des antiquités,   |c [2014]. 
300 |a 2 volumes ;  |b illustrations ;   |c 29 cm. 
490 0 |a Bulletin d'archéologie et d'architecture libannaise. Hors-Série ;   |v 9. 
490 0 |a BAAL. Hors-Série ;   |v 9. 
504 |a Includes bibliographical references. 
546 |a Includes Arabic Cover,title page and contents. 
650 0 |a Excavations (Archaeology)  |z Lebanon  |z Tyre. 
651 0 |a Tyre (Lebanon)   |x History. 
651 0 |a Tyre (Lebanon)  |x Antiquities. 
651 0 |a Lebanon  |x Antiquities 
700 1 |a Aubet, María Eugenia.  |9 25830 
700 1 |a Nuñez, Francisco J.,  |d 1965-  |9 36997 
700 1 |a Trellisó, Laura.  |9 41254 
901 |a reviewed 
942 |c BK  |2 lcc 
999 |c 8730  |d 8730